000 01131nam a2200205 a 4500
999 _c4865
_d4865
020 _a0697233308
022 _a9780697233301
050 0 0 _aGV53
_b.B34
100 1 _aBammel, Gene.
245 1 0 _aLeisure & human behavior /
_cGene Bammel, Lei Lane Burrus-Bammel.
250 _a3rd ed.
260 _aMadison :
_bBrown & Benchmark,
_cc1996.
300 _axvi, 503 p. :
_bill. ;
_c24 cm.
500 _aIncludes index
505 _aCHAPTER 1. Leisure and recreation: some perspectives CHAPTER 2. Play CHAPTER 3. The meaning of games CHAPTER 4. Time CHAPTER 5. The meaning of work CHAPTER 6. Work alternatives CHAPTER 7. Leisure theories CHAPTER 8. Current leisure practices CHAPTER 9. Leisure and the life cycle: the child and the adolescent CHAPTER 10. Leisure and the life cycle: the adult and elderly CHAPTER 11. Other factors that affect leisure behavior CHAPTER 12. Mythos and leisure's future CHAPTER 13. Career opportunities. BIBLIOGRAPHY CREDITS NAME INDEX SUBJECT INDEX
650 0 _aLeisure
650 0 _aLeisure
_xPsychological aspects.
700 2 _aBurrus-Bammel, Lei Lane.
942 _cBK